Disertación histórica sobre la aparición de la portentosa imagen de María santísima de Guadalupe de México

Detalles Bibliográficos
Autor principal: CONDE Y OQUENDO, Francisco Javier
Formato: Libro
Publicado: México 1853
Materias:
Colección:Banco de datos
Acervo:Biblioteca del Ex Convento de Nuestra Señora de Guadalupe. Zacatecas
Descripción Física:t. II
Tema general:Mariología
Notas:Buena. VII,2,9(1999). Ex libris manuscrito de fray Joaquín D. Cabrera, 1870 en la guarda. Otro impreso del mismo. Sin marca de fuego
LEADER 00889nam a22002050004500
035 |a 40682 
036 |a 1866 
100 1 |a CONDE Y OQUENDO, Francisco Javier 
245 1 0 |a Disertación histórica sobre la aparición de la portentosa imagen de María santísima de Guadalupe de México 
260 |a México  |b Imprenta de la voz de la religión  |c 1853 
300 |a t. II 
500 |a Buena. VII,2,9(1999). Ex libris manuscrito de fray Joaquín D. Cabrera, 1870 en la guarda. Otro impreso del mismo. Sin marca de fuego 
650 1 0 |a Mariología 
949 |a CRZ-CG 
959 |a Ex convento de Nuestra Señora de Guadalupe, Museo Regional de Zacatecas, Zacatecas  |b CCC4 
960 |a Convento de Nuestra Señora de Guadalupe, Zacatecas  |b DD87 
961 |a Franciscana  |b OF 
942 |c CRZ-CG 
943 |g Biblioteca del Ex Convento de Nuestra Señora de Guadalupe. Zacatecas 
999 |c 964809  |d 964809